Praelectio Cervariensis sive commentarius accademicus ad titutlum Pandectarum de vulgari et pupullari substitutione = Lliçó cerverina o comentari acadèmic del títol de les Pandectes De la substitució vulgar i de la pupil·lar / Josep Finestres i de Monsalvo (1688-1777) ; estudi introductori, traducció, notes i índexs: Maurici Pérez Simeón Maurici Pérez Simeón
ISBN:
84-393-6743-0
Publicado:
Barcelona :
Parlament de Catalunya, Generalitat de Catalunya. Departament de Justícia ,
2005
Descripción Física:
207 p. ; 24 cm
Otros Autores:
Pérez Simeón, Maurici, tr
MARC
| LEADER | 00000nam a2200000Ia 4500 | ||
|---|---|---|---|
| 001 | 19706 | ||
| 008 | 160829s2005 xx 000 0 cat d | ||
| 020 | |a 84-393-6743-0 | ||
| 080 | |a D-3-191 | ||
| 100 | |a Finestres i de Monsalvo, Josep |9 34291 | ||
| 245 | |a Praelectio Cervariensis sive commentarius accademicus ad titutlum Pandectarum de vulgari et pupullari substitutione = Lliçó cerverina o comentari acadèmic del títol de les Pandectes De la substitució vulgar i de la pupil·lar / Josep Finestres i de Monsalvo (1688-1777) ; estudi introductori, traducció, notes i índexs: |b Maurici Pérez Simeón | ||
| 260 | |a Barcelona : |b Parlament de Catalunya, Generalitat de Catalunya. Departament de Justícia, |c 2005 | ||
| 300 | |a 207 p. ; |c 24 cm | ||
| 490 | |a Textos jurídics catalans ; 24. Escriptors ; 1/8 | ||
| 590 | |a Text en llatí i català, estudi introductori en català i resum en català, castellà i anglès. | ||
| 590 | |a Reproducció anastàtica del text publicat a Cervera l'any 1752. | ||
| 590 | |a Bibliografia. | ||
| 590 | |a Índexs. | ||
| 650 | |a Finestres de Monsalvo, Josep, 1688-1777 |9 34292 | ||
| 650 | |a Substitució hereditària |x Catalunya |x Obres anteriors al 1800 |9 34293 | ||
| 700 | |a Pérez Simeón, Maurici, tr. |9 34294 | ||
| 710 | 1 | |a Catalunya. |b Parlament |9 11492 | |
| 710 | 1 | |a Catalunya. |b Departament de Justícia |9 53891 | |
| 901 | |a Arxiu | ||
| 942 | |n 1 | ||
| 952 | |0 0 |1 0 |4 0 |6 D3191 |7 1 |9 46456 |a Arxiu |b Arxiu |d 2016-12-01 |l 0 |o D-3-191 |p 19706 |r 2016-12-01 00:00:00 |w 2016-12-01 |y ARXIU | ||
| 999 | |c 50241 |d 50241 | ||